00000000nam##2200000za#4500
0019.692741
003CaOODSP
00520260106135352
007cr |||||||||||
008150407|2009||||xxc|||||o    f|0| 0 eng|d
020 |a978-1-100-13931-9
040 |aCaOODSP|beng
043 |an-cn---
0861 |aM154-34/2009E-PDF
1102 |aCANMET Energy Technology Centre (Canada)
24510|aEmerging hydropower technologies R&D in Canada : |h[electronic resource]|ba strategy for 2007-2011 / |cprepared by Natural Resources Canada, Hydraulic Energy Group, CanmetENERGY-Ottawa.
260 |aOttawa - Ontario : |bNatural Resources Canada. |cDecember 2007, c2009.
300 |a48p.|breferences, tables
590 |a09-44|b2009-10-30
69007|aElectricity|2gcpds
77508|tLa R-D nouvelle au Canada sur les techniques d'hydro-électricité : |w(CaOODSP)9.636956
85640|ahttp://publications.gc.ca|qPDF|s2024 KB|uhttps://publications.gc.ca/collections/collection_2009/nrcan/M154-34-2009E.pdf